[Event "Magdeburg op-B"]
[Site "Magdeburg"]
[Date "2014.06.12"]
[Round "7"]
[White "Currenti, Alessandro"]
[Black "Scherping, Stephan"]
[Result "0-1"]
[WhiteElo "903"]
[BlackElo "1094"]
[PlyCount "94"]
[EventDate "2014.06.08"]
[EventType "swiss"]
[EventRounds "9"]
[EventCountry "GER"]
[SourceTitle "CBM 160 Extra"]
[Source "ChessBase"]
[SourceDate "2014.07.01"]
[SourceVersion "1"]
[SourceVersionDate "2014.07.01"]
[SourceQuality "1"]

1. e4 e5 2. Nf3 Nc6 3. Bc4 Bc5 4. d3 d6 5. Nc3 Bg4 6. h3 Bh5 7. g4 Bg6 8. Bg5 Qd7 9. Qd2 Nd4 10. Nxd4 Bxd4 11. 0-0-0 f6 12. Be3 Bxe3 13. Qxe3 a6 14. Bd5 0-0-0 15. Qa7 c6 16. Bxc6 Qxc6 17. Nd5 Bf7 18. Nb6+ Kc7 19. d4 Qxb6 20. Qxb6+ Kxb6 21. dxe5 fxe5 22. Rd2 Nf6 23. f3 d5 24. Rhd1 Kc7 25. g5 Nh5 26. exd5 Kd6 27. Kb1 Nf4 28. c4 Nxh3 29. Rc2 Bg6 30. c5+ Kc7 31. d6+ Kc6 32. Rdc1 Bxc2+ 33. Rxc2 Nxg5 34. Rc3 h5 35. Rb3 h4 36. Rb6+ Kxc5 37. Rxb7 Rxd6 38. b4+ Kc6 39. Rxg7 Nxf3 40. Ra7 Kb6 41. Rf7 Nd4 42. a4 a5 43. b5 h3 44. Rf2 h2 45. Rxh2 Rxh2 46. Ka1 Nb3+ 47. Kb1 Rd1# 0-1

[Event "Magdeburg op-B"]
[Site "Magdeburg"]
[Date "2014.06.11"]
[Round "6"]
[White "Schulze, Lukas"]
[Black "Currenti, Alessandro"]
[Result "0-1"]
[WhiteElo "1081"]
[BlackElo "903"]
[PlyCount "72"]
[EventDate "2014.06.08"]
[EventType "swiss"]
[EventRounds "9"]
[EventCountry "GER"]
[SourceTitle "CBM 160 Extra"]
[Source "ChessBase"]
[SourceDate "2014.07.01"]
[SourceVersion "1"]
[SourceVersionDate "2014.07.01"]
[SourceQuality "1"]

1. e4 e5 2. Nf3 Nc6 3. Bc4 Nf6 4. 0-0 Bc5 5. d4 exd4 6. e5 Ng4 7. Re1 d3 8. Be3 Nxe3 9. fxe3 0-0 10. Qxd3 Nb4 11. Qd1 d6 12. Nc3 Bg4 13. exd6 cxd6 14. Rc1 Qf6 15. h3 Bxh3 16. gxh3 Rfe8 17. Qd2 Qh6 18. Kf2 Qxh3 19. Ng5 Qh2+ 20. Kf1 Qxd2 21. Bxf7+ Kh8 22. Bxe8 Rxe8 23. Nf3 Rf8 24. Re2 Rxf3+ 25. Kg2 Qxc1 26. Kxf3 Qf1+ 27. Rf2 Qh3+ 28. Kf4 Qxe3+ 29. Kg4 Qxf2 30. Ne4 Qg2+ 31. Ng3 Qxc2 32. Nf5 g6 33. Nh6 Qe4+ 34. Kg5 Be3+ 35. Kf6 Nd5+ 36. Kf7 Qe7# 0-1

[Event "Magdeburg op-B"]
[Site "Magdeburg"]
[Date "2014.06.09"]
[Round "3"]
[White "Currenti, Alessandro"]
[Black "Zimmer, Claudius"]
[Result "0-1"]
[WhiteElo "903"]
[BlackElo "1081"]
[PlyCount "80"]
[EventDate "2014.06.08"]
[EventType "swiss"]
[EventRounds "9"]
[EventCountry "GER"]
[SourceTitle "CBM 160 Extra"]
[Source "ChessBase"]
[SourceDate "2014.07.01"]
[SourceVersion "1"]
[SourceVersionDate "2014.07.01"]
[SourceQuality "1"]

1. e4 e5 2. Nf3 Nc6 3. d4 exd4 4. Bc4 Bc5 5. c3 Nf6 6. e5 d5 7. Bb3 Ne4 8. cxd4 Bb6 9. Qc2 Nxd4 10. Nxd4 Bxd4 11. 0-0 Bxe5 12. Qc5 Nxc5 13. Bc2 0-0 14. Nc3 Bxc3 15. bxc3 d4 16. Rd1 Ne6 17. Bb2 c5 18. Re1 Qg5 19. Bc1 Qf6 20. Re4 b6 21. Rg4 Nc7 22. Bg5 Qe5 23. Bf4 Qe7 24. Bg5 f6 25. Re4 Qd8 26. Bb3+ Kh8 27. Rae1 fxg5 28. Re7 Re8 29. R7e2 Rxe2 30. Rxe2 d3 31. Rd2 Be6 32. c4 b5 33. Bd1 Bxc4 34. Be2 dxe2 35. Rxd8+ Rxd8 36. h3 e1Q+ 37. Kh2 Qxf2 38. a3 Qf4+ 39. g3 Qf2+ 40. Kh1 Bd5# 0-1

[Event "GER-chT U10"]
[Site "Magdeburg"]
[Date "2013.12.27"]
[Round "2.2"]
[White "Lieding, Alexander"]
[Black "Currenti, Alessandro"]
[Result "0-1"]
[WhiteElo "893"]
[BlackElo "720"]
[PlyCount "62"]
[EventDate "2013.12.27"]
[EventType "team-swiss"]
[EventRounds "5"]
[EventCountry "GER"]
[SourceTitle "EXT 2015"]
[Source "ChessBase"]
[SourceDate "2014.11.20"]
[SourceVersion "1"]
[SourceVersionDate "2014.11.20"]
[SourceQuality "1"]
[WhiteTeam "Oberland"]
[BlackTeam "Magdeburg Schachzwerge III"]
[WhiteTeamCountry "GER"]
[BlackTeamCountry "GER"]

1. e4 e5 2. Nf3 Nc6 3. Bc4 Nf6 4. d3 Bc5 5. Ng5 0-0 6. 0-0 d6 7. Qf3 Nd4 8. Qg3 Nxc2 9. Qh4 h6 10. Nf3 Nxa1 11. Na3 Bxa3 12. Qg3 Nh5 13. Qh4 Qxh4 14. Nxh4 Bg4 15. bxa3 Be2 16. Re1 Nf4 17. Ng6 Rfe8 18. Nxf4 exf4 19. Rxe2 d5 20. Bxd5 c6 21. Bc4 b5 22. Bb3 a5 23. Bd1 b4 24. Bxf4 bxa3 25. Ba4 Reb8 26. h3 Rb1+ 27. Kh2 h5 28. Bxc6 Rc8 29. Bd7 Rcc1 30. d4 h4 31. e5 Rh1# 0-1

[Event "GER-chT U10"]
[Site "Magdeburg"]
[Date "2012.12.29"]
[Round "6.3"]
[White "Franz, Theodor Franz"]
[Black "Currenti, Alessandro"]
[Result "1-0"]
[WhiteElo "817"]
[BlackElo "748"]
[PlyCount "57"]
[EventDate "2012.12.27"]
[EventType "team-swiss"]
[EventRounds "7"]
[EventCountry "GER"]
[SourceTitle "EXT 2014"]
[Source "ChessBase"]
[SourceDate "2013.11.20"]
[SourceVersion "1"]
[SourceVersionDate "2013.11.20"]
[SourceQuality "1"]
[WhiteTeam "Berlin Schachpinguine II"]
[BlackTeam "Magdeburg Schachzwerge III"]
[WhiteTeamCountry "GER"]
[BlackTeamCountry "GER"]

1. e4 e5 2. Nf3 Bc5 3. Bc4 Qe7 4. b4 Bb6 5. c3 c5 6. a3 cxb4 7. axb4 Na6 8. d4 exd4 9. cxd4 Nxb4 10. Nc3 Nc6 11. Bf4 d6 12. 0-0 Bg4 13. Re1 Nf6 14. h3 Bxf3 15. Qxf3 Nxd4 16. Qd3 Nh5 17. Be3 Qf6 18. Nd5 Qg6 19. Nxb6 Ne6 20. Nxa8 Nhf4 21. Bxf4 Nxf4 22. Qg3 Qh6 23. Nc7+ Kf8 24. Nd5 Nxd5 25. exd5 a5 26. Rxa5 g6 27. Ra8+ Kg7 28. Qc3+ f6 29. Re7# 1-0

[Event "GER-chT U10"]
[Site "Magdeburg"]
[Date "2012.12.28"]
[Round "3.3"]
[White "Currenti, Alessandro"]
[Black "Burgdorf, Johannes"]
[Result "0-1"]
[WhiteElo "748"]
[BlackElo "713"]
[PlyCount "34"]
[EventDate "2012.12.27"]
[EventType "team-swiss"]
[EventRounds "7"]
[EventCountry "GER"]
[SourceTitle "EXT 2014"]
[Source "ChessBase"]
[SourceDate "2013.11.20"]
[SourceVersion "1"]
[SourceVersionDate "2013.11.20"]
[SourceQuality "1"]
[WhiteTeam "Magdeburg Schachzwerge III"]
[BlackTeam "Breitenworbis"]
[WhiteTeamCountry "GER"]
[BlackTeamCountry "GER"]

1. e4 e5 2. Bc4 Nf6 3. Nf3 d6 4. Bb5+ c6 5. Bc4 Bg4 6. Bb3 Nxe4 7. Qe2 Ng5 8. Qc4 Bxf3 9. gxf3 Qf6 10. Rg1 Nxf3+ 11. Kf1 d5 12. Qa4 Nxh2+ 13. Ke1 Bc5 14. Qa5 Qxf2+ 15. Kd1 Qxg1+ 16. Ke2 b6 17. Qa4 Qf1# 0-1

[Event "GER-chT U10"]
[Site "Magdeburg"]
[Date "2012.12.28"]
[Round "4.3"]
[White "Helm, Stephan"]
[Black "Currenti, Alessandro"]
[Result "1-0"]
[WhiteElo "978"]
[BlackElo "748"]
[PlyCount "31"]
[EventDate "2012.12.27"]
[EventType "team-swiss"]
[EventRounds "7"]
[EventCountry "GER"]
[SourceTitle "EXT 2014"]
[Source "ChessBase"]
[SourceDate "2013.11.20"]
[SourceVersion "1"]
[SourceVersionDate "2013.11.20"]
[SourceQuality "1"]
[WhiteTeam "Stadtilm Blau Weiss"]
[BlackTeam "Magdeburg Schachzwerge III"]
[WhiteTeamCountry "GER"]
[BlackTeamCountry "GER"]

1. e4 e5 2. Nf3 Nc6 3. Bc4 Bc5 4. c3 Nf6 5. d4 exd4 6. cxd4 Nxd4 7. Nxd4 Bb4+ 8. Bd2 Nxe4 9. Bxb4 Qf6 10. 0-0 Qh4 11. Nf5 Qg5 12. Ne3 Nf6 13. Qe2 Ng4 14. Nxg4+ Kd8 15. f4 Qg6 16. Qe7# 1-0